000
00190 a2200097 4500
001
514
100
_a
Turner,RP
245
_a
Basic electricity
260
_a
_b
Rinehart
_c
090
_c
126
_d
126
942
_a
NUST-CAE
_c
M
_c
2891
999
_c
235587
_d
235587